[Event "Titled Tuesday intern op 25th Jan"]
[Site "Chess.com INT"]
[Date "2022.01.25"]
[Round "7"]
[White "Iljin, Timofey"]
[Black "Klyashtorny, Vladislav"]
[Result "0-1"]
[WhiteElo "2299"]
[BlackElo "2403"]
[PlyCount "70"]
[EventDate "2022.01.25"]
[EventType "swiss (blitz)"]
[EventRounds "11"]
[EventCountry "USA"]
[SourceTitle "CBM 206 Extra"]
[Source "ChessBase"]
[SourceDate "2022.03.31"]
[SourceVersion "1"]
[SourceVersionDate "2022.03.31"]
[SourceQuality "1"]

1. e4 e5 2. d4 exd4 3. c3 dxc3 4. Bc4 cxb2 5. Bxb2 Nf6 6. Nf3 Bb4+ 7. Kf1 0-0 8. e5 d5 9. exf6 dxc4 10. Nc3 Qxd1+ 11. Rxd1 Bf5 12. Nd5 c3 13. Bxc3 Bxc3 14. Ne7+ Kh8 15. fxg7+ Bxg7 16. Nxf5 Nc6 17. g3 Rad8 18. Kg2 Rxd1 19. Rxd1 Rd8 20. Re1 Bf6 21. Rb1 Na5 22. h4 b6 23. g4 c5 24. g5 Bc3 25. Rc1 Bb4 26. Ne5 Kg8 27. Nh6+ Kg7 28. Nexf7 Rd5 29. a3 Bd2 30. Rd1 c4 31. f4 c3 32. f5 c2 33. f6+ Kf8 34. Ne5 cxd1Q 35. Ng6+ hxg6 0-1

[Event "Titled Tuesday intern op 18th Jan"]
[Site "Chess.com INT"]
[Date "2022.01.18"]
[Round "3"]
[White "Hjartarson, Johann"]
[Black "Klyashtorny, Vladislav"]
[Result "1-0"]
[WhiteElo "2470"]
[BlackElo "2403"]
[PlyCount "77"]
[EventDate "2022.01.18"]
[EventType "swiss (blitz)"]
[EventRounds "11"]
[EventCountry "USA"]
[SourceTitle "CBM 206 Extra"]
[Source "ChessBase"]
[SourceDate "2022.03.31"]
[SourceVersion "1"]
[SourceVersionDate "2022.03.31"]
[SourceQuality "1"]

1. Nf3 d5 2. g3 Nf6 3. Bg2 c6 4. 0-0 h5 5. d4 Nbd7 6. c4 Nb6 7. cxd5 cxd5 8. Nc3 h4 9. Nxh4 Bg4 10. Qd3 a6 11. e4 e6 12. exd5 Nfxd5 13. Nxd5 Nxd5 14. Nf3 Be7 15. Ne5 Bf5 16. Qb3 Rb8 17. Bd2 Bh3 18. Qa4+ b5 19. Qxa6 Bxg2 20. Qc6+ Kf8 21. Kxg2 Kg8 22. Rac1 b4 23. Qd7 Qxd7 24. Nxd7 Ra8 25. Ra1 Kh7 26. Rfc1 Bd6 27. Rc6 Be7 28. Ne5 Rhf8 29. h4 Kg8 30. h5 Rfd8 31. h6 gxh6 32. Bxh6 Bd6 33. Nd3 f6 34. Nc5 Kf7 35. a4 bxa3 36. Rxa3 Rxa3 37. bxa3 Bxc5 38. dxc5 Ra8 39. Bc1 1-0

[Event "Titled Tuesday intern op 30th Nov"]
[Site "Chess.com INT"]
[Date "2021.11.30"]
[Round "2"]
[White "Klyashtorny, Vladislav"]
[Black "Harshavardhan, GB."]
[Result "1-0"]
[WhiteElo "2403"]
[BlackElo "2397"]
[PlyCount "77"]
[EventDate "2021.11.30"]
[EventType "swiss (blitz)"]
[EventRounds "11"]
[EventCountry "USA"]
[SourceTitle "CBM 205 Extra"]
[Source "ChessBase"]
[SourceDate "2022.01.31"]
[SourceVersion "1"]
[SourceVersionDate "2022.01.31"]
[SourceQuality "1"]

1. e4 e6 2. d4 d5 3. Nc3 Nf6 4. e5 Nfd7 5. f4 c5 6. Nf3 Nc6 7. Be3 a6 8. Qd2 b5 9. a3 Bb7 10. Be2 Be7 11. 0-0 0-0 12. Rad1 f5 13. exf6 Bxf6 14. dxc5 Kh8 15. Nd4 Qe7 16. Nxc6 Bxc6 17. b4 Rad8 18. Bd4 e5 19. fxe5 Nxe5 20. Kh1 h6 21. Rde1 Qc7 22. a4 bxa4 23. Bxa6 Ng4 24. g3 a3 25. b5 Ba8 26. c6 Qa5 27. Bxf6 Nxf6 28. Ne4 Qxd2 29. Nxd2 Rd6 30. c7 Rxa6 31. bxa6 Rc8 32. Re7 a2 33. Nb3 Kg8 34. Rxf6 d4+ 35. Kg1 gxf6 36. Rd7 Rxc7 37. Rxc7 Bd5 38. Na1 d3 39. cxd3 1-0

[Event "Titled Tuesday intern op 30th Nov"]
[Site "Chess.com INT"]
[Date "2021.11.30"]
[Round "7"]
[White "Klyashtorny, Vladislav"]
[Black "Ochedzan, Tymon"]
[Result "1-0"]
[WhiteElo "2403"]
[BlackElo "2349"]
[PlyCount "77"]
[EventDate "2021.11.30"]
[EventType "swiss (blitz)"]
[EventRounds "11"]
[EventCountry "USA"]
[SourceTitle "CBM 205 Extra"]
[Source "ChessBase"]
[SourceDate "2022.01.31"]
[SourceVersion "1"]
[SourceVersionDate "2022.01.31"]
[SourceQuality "1"]

1. e4 c5 2. Nf3 d6 3. c3 Nf6 4. Be2 Nc6 5. d4 cxd4 6. cxd4 Nxd4 7. Qxd4 e5 8. Bb5+ Bd7 9. Bxd7+ Qxd7 10. Qe3 Rc8 11. Nc3 Be7 12. 0-0 0-0 13. Rd1 b5 14. Qd3 b4 15. Nd5 Nxd5 16. Qxd5 Rc2 17. Ne1 Rc5 18. Qd3 Rfc8 19. Be3 Rc4 20. Rdc1 Rxc1 21. Rxc1 Rxc1 22. Bxc1 Qc6 23. Bd2 g6 24. Bxb4 Qc1 25. Bc3 Bg5 26. g3 h5 27. h4 Be7 28. Kg2 Kg7 29. Nc2 Qb1 30. a4 Qa2 31. a5 Qb3 32. Ne3 Kg8 33. Nd5 Bd8 34. Qa6 Qc2 35. Qc4 Bxa5 36. Ne7+ Kg7 37. Bxe5+ dxe5 38. Qxc2 Bb4 39. Nc6 1-0

[Event "Titled Tuesday intern op 23rd Nov"]
[Site "Chess.com INT"]
[Date "2021.11.23"]
[Round "2"]
[White "Erdogmus, Yagiz Kaan"]
[Black "Klyashtorny, Vladislav"]
[Result "1/2-1/2"]
[WhiteElo "2283"]
[BlackElo "2403"]
[PlyCount "152"]
[EventDate "2021.11.23"]
[EventType "swiss (blitz)"]
[EventRounds "11"]
[EventCountry "USA"]
[SourceTitle "CBM 205 Extra"]
[Source "ChessBase"]
[SourceDate "2022.01.31"]
[SourceVersion "1"]
[SourceVersionDate "2022.01.31"]
[SourceQuality "1"]

1. e4 e5 2. Nf3 Nc6 3. Nc3 Bc5 4. Nxe5 Nxe5 5. d4 Bd6 6. dxe5 Bxe5 7. Be3 Nf6 8. Bd4 Qe7 9. Qd3 0-0 10. 0-0-0 d6 11. f3 Be6 12. g4 a6 13. h4 c5 14. Bxe5 dxe5 15. Qd6 Qxd6 16. Rxd6 Rfd8 17. Rb6 Rd7 18. a4 Rc8 19. a5 Kf8 20. Nd1 Ke7 21. Ne3 Rcc7 22. Bc4 Rd4 23. Bxe6 fxe6 24. Rd1 Nd7 25. Rb3 Ra4 26. Rbd3 Rxa5 27. Nc4 Ra1+ 28. Kd2 Rxd1+ 29. Kxd1 b5 30. Na5 Nb6 31. g5 c4 32. Rd2 g6 33. c3 Na4 34. Kc2 Nc5 35. h5 Nb7 36. hxg6 hxg6 37. Nxb7 Rxb7 38. Rh2 Kd6 39. Rh8 Rf7 40. Rg8 Rxf3 41. Rxg6 Rf2+ 42. Kb1 Rf4 43. Rg8 Rxe4 44. Ra8 Rg4 45. Rxa6+ Kd5 46. Rb6 Kc5 47. Rxe6 Rxg5 48. Kc2 Rg2+ 49. Kb1 b4 50. Rxe5+ Kd6 51. Rb5 b3 52. Kc1 Rg1+ 53. Kd2 Rg2+ 54. Kc1 Rc2+ 55. Kb1 Rd2 56. Kc1 Rc2+ 57. Kb1 Rf2 58. Kc1 Kc6 59. Re5 Rc2+ 60. Kb1 Rd2 61. Re1 Kd5 62. Rh1 Rg2 63. Rh5+ Ke4 64. Rh4+ Kd3 65. Rd4+ Ke3 66. Rd1 Rd2 67. Re1+ Kd3 68. Kc1 Rc2+ 69. Kb1 Re2 70. Rd1+ Ke3 71. Rc1 Kd2 72. Rh1 Re1+ 73. Rxe1 Kxe1 74. Ka1 Kd1 75. Kb1 Kd2 76. Ka1 Kc1 1/2-1/2

[Event "Titled Tuesday intern op 23rd Nov"]
[Site "Chess.com INT"]
[Date "2021.11.23"]
[Round "4"]
[White "Klyashtorny, Vladislav"]
[Black "Gedgafov, Chamal"]
[Result "1-0"]
[WhiteElo "2403"]
[BlackElo "2202"]
[PlyCount "121"]
[EventDate "2021.11.23"]
[EventType "swiss (blitz)"]
[EventRounds "11"]
[EventCountry "USA"]
[SourceTitle "CBM 205 Extra"]
[Source "ChessBase"]
[SourceDate "2022.01.31"]
[SourceVersion "1"]
[SourceVersionDate "2022.01.31"]
[SourceQuality "1"]

1. e4 e6 2. d4 d5 3. Nc3 dxe4 4. Nxe4 Bd7 5. g3 Bc6 6. Bg2 Bxe4 7. Bxe4 c6 8. Ne2 Nf6 9. Bg2 Bd6 10. 0-0 Nbd7 11. c4 0-0 12. Qd3 Re8 13. Rd1 Qa5 14. a3 Qf5 15. Qxf5 exf5 16. Nc3 Rad8 17. Bh3 g6 18. Bg5 Kg7 19. d5 c5 20. Nb5 Bb8 21. b4 Ne5 22. Bxf6+ Kxf6 23. bxc5 Nxc4 24. Bf1 Ne5 25. Bg2 a6 26. Nc3 Ba7 27. Na4 Rc8 28. Rac1 g5 29. d6 Rb8 30. Rb1 Nd7 31. Rxb7 Rxb7 32. Bxb7 Nxc5 33. Nxc5 Bxc5 34. d7 Rd8 35. a4 a5 36. Bc8 Bb4 37. Kg2 h5 38. f4 h4 39. fxg5+ Kxg5 40. gxh4+ Kxh4 41. Kf3 Kg5 42. Rd4 Kf6 43. h4 Kg6 44. Rd5 Kh5 45. Rxf5+ Kxh4 46. Rxf7 Kh5 47. Ke4 Kg6 48. Rf3 Kg7 49. Kd5 Be7 50. Ke6 Bh4 51. Rf7+ Kg6 52. Rf1 Bg5 53. Bb7 Rb8 54. Be4+ Kg7 55. Rf7+ Kg8 56. Bg6 Bd8 57. Kf5 Rb6 58. Bh5 Rf6+ 59. Rxf6 Bxf6 60. Kxf6 Kf8 61. d8Q# 1-0

[Event "Titled Tuesday intern op 23rd Nov"]
[Site "Chess.com INT"]
[Date "2021.11.23"]
[Round "9"]
[White "Klyashtorny, Vladislav"]
[Black "Ghazarian, Kirk Vagho"]
[Result "0-1"]
[WhiteElo "2403"]
[BlackElo "2346"]
[PlyCount "66"]
[EventDate "2021.11.23"]
[EventType "swiss (blitz)"]
[EventRounds "11"]
[EventCountry "USA"]
[SourceTitle "CBM 205 Extra"]
[Source "ChessBase"]
[SourceDate "2022.01.31"]
[SourceVersion "1"]
[SourceVersionDate "2022.01.31"]
[SourceQuality "1"]

1. e4 c5 2. Nf3 e6 3. c3 Qa5 4. Na3 d5 5. d3 Nc6 6. g3 Nf6 7. Qc2 c4 8. e5 cxd3 9. Bxd3 Nd7 10. 0-0 Bxa3 11. bxa3 Ncxe5 12. Nxe5 Nxe5 13. Be2 0-0 14. Rb1 Nc6 15. Bd3 h6 16. c4 Nd4 17. Qd1 e5 18. Bb2 Bh3 19. Re1 Qxe1+ 20. Qxe1 Nf3+ 21. Kh1 Nxe1 22. Rxe1 e4 23. Be2 dxc4 24. Bxc4 Bg4 25. Kg2 Bf3+ 26. Kh3 Rad8 27. Be5 Rfe8 28. Bf4 g5 29. Be3 g4+ 30. Kh4 Re5 31. h3 gxh3 32. g4 h2 33. Bf4 Rc5 0-1

[Event "Titled Tuesday intern op 26th Oct"]
[Site "Chess.com INT"]
[Date "2021.10.26"]
[Round "1"]
[White "Klyashtorny, Vladislav"]
[Black "Gurevich, Dmitry"]
[Result "1-0"]
[WhiteElo "2403"]
[BlackElo "2370"]
[PlyCount "103"]
[EventDate "2021.10.26"]
[EventType "swiss (blitz)"]
[EventRounds "11"]
[EventCountry "USA"]
[SourceTitle "CBM 204 Extra"]
[Source "ChessBase"]
[SourceDate "2021.11.30"]
[SourceVersion "1"]
[SourceVersionDate "2021.11.30"]
[SourceQuality "1"]

1. e4 c5 2. Nf3 d6 3. c3 Nf6 4. Qc2 g6 5. d4 cxd4 6. cxd4 Bg7 7. Nc3 0-0 8. Bg5 Bg4 9. Be2 Nc6 10. Rd1 h6 11. Bf4 Qb6 12. Be3 Qa5 13. 0-0 e5 14. dxe5 dxe5 15. a3 Rac8 16. Qb3 Qc7 17. Nd5 Nxd5 18. exd5 Bxf3 19. Bxf3 Nd4 20. Bxd4 exd4 21. g3 b6 22. Kg2 h5 23. h4 Qd6 24. Rc1 Rc5 25. Rxc5 bxc5 26. Qc4 a5 27. Rc1 Rb8 28. Qxc5 Qxc5 29. Rxc5 d3 30. d6 Bf6 31. d7 Rd8 32. Bc6 Bxb2 33. Rxa5 Bc3 34. Rd5 d2 35. a4 Kg7 36. Kf3 Kf6 37. Ke2 Ke6 38. Rd3 Ba5 39. Re3+ Kd6 40. Bb5 f6 41. Rd3+ Kc7 42. Re3 g5 43. hxg5 fxg5 44. Re5 h4 45. Rxg5 hxg3 46. Rxg3 Rf8 47. Rd3 Kd8 48. f3 Rf5 49. Re3 Rd5 50. Re8+ Kc7 51. Rc8+ Kb7 52. Bc6+ 1-0

[Event "Titled Tuesday intern op 26th Oct"]
[Site "Chess.com INT"]
[Date "2021.10.26"]
[Round "10"]
[White "Yeritsyan, Hayk"]
[Black "Klyashtorny, Vladislav"]
[Result "0-1"]
[WhiteElo "2268"]
[BlackElo "2403"]
[PlyCount "146"]
[EventDate "2021.10.26"]
[EventType "swiss (blitz)"]
[EventRounds "11"]
[EventCountry "USA"]
[SourceTitle "CBM 204 Extra"]
[Source "ChessBase"]
[SourceDate "2021.11.30"]
[SourceVersion "1"]
[SourceVersionDate "2021.11.30"]
[SourceQuality "1"]

1. d4 d5 2. Nf3 Nf6 3. e3 c6 4. Bd3 Nbd7 5. Nbd2 g6 6. c3 Bg7 7. 0-0 0-0 8. e4 e5 9. Nxe5 Nxe5 10. dxe5 Nxe4 11. Nxe4 dxe4 12. Bxe4 Bxe5 13. Qxd8 Rxd8 14. Bg5 f6 15. Be3 f5 16. Bc2 f4 17. Bb3+ Kg7 18. Bc1 Bf5 19. Re1 Kf6 20. h4 h6 21. Bc4 b5 22. Be2 a5 23. a3 a4 24. Bf3 Rd6 25. g3 g5 26. hxg5+ hxg5 27. g4 Bc2 28. Kg2 Rad8 29. Rh1 Bb3 30. Rh6+ Kg7 31. Rh5 Bf6 32. Be4 Rh8 33. Rxh8 Kxh8 34. Bf3 Kg7 35. Kf1 Bd1 36. Be2 f3 37. Bxb5 cxb5 38. Be3 Be2+ 39. Ke1 Kg6 40. Rc1 Rd7 41. Bd2 Rh7 42. Be3 Rh1+ 43. Kd2 Rxc1 44. Kxc1 Bf1 45. Kd2 Bh3 46. Bc5 Bxg4 47. Ke3 Kf5 48. Bd6 Be5 49. Bc5 Bf4+ 50. Kd3 Ke5 51. c4 bxc4+ 52. Kxc4 Be6+ 53. Kb4 Bb3 54. Kc3 Ke4 55. Bb6 g4 56. Bc5 g3 57. fxg3 Bxg3 58. Bd4 f2 59. Bxf2 Bxf2 60. Kd2 Bd4 61. Kc1 Kd3 62. Kb1 Be3 63. Ka1 Bc2 64. Ka2 Bb3+ 65. Ka1 Bc2 66. Ka2 Kc4 67. Ka1 Bd4 68. Ka2 Bd3 69. Ka1 Be2 70. Ka2 Bd1 71. Ka1 Kb3 72. Kb1 Bc2+ 73. Ka1 Bxb2# 0-1

[Event "Titled Tuesday intern op 12th Oct"]
[Site "Chess.com INT"]
[Date "2021.10.12"]
[Round "7"]
[White "Klyashtorny, Vladislav"]
[Black "Gracia Alvarez, Gerardo Antonio"]
[Result "0-1"]
[WhiteElo "2403"]
[BlackElo "2237"]
[PlyCount "64"]
[EventDate "2021.10.12"]
[EventType "swiss (blitz)"]
[EventRounds "11"]
[EventCountry "USA"]
[SourceTitle "EXT 2023"]
[Source "ChessBase"]
[SourceDate "2022.10.05"]
[SourceVersion "1"]
[SourceVersionDate "2022.10.05"]
[SourceQuality "1"]

1. e4 c5 2. Nf3 Nc6 3. Bb5 g6 4. Bxc6 dxc6 5. d3 Bg7 6. Nbd2 Nf6 7. h3 Nd7 8. a4 e5 9. Nc4 Qc7 10. a5 Nf8 11. 0-0 Ne6 12. Be3 0-0 13. Qd2 Re8 14. Bh6 Bh8 15. Kh2 Bd7 16. Ng5 Rad8 17. Ne3 Bc8 18. Nxe6 Bxe6 19. Qc3 Qd6 20. Bg5 Rd7 21. Ng4 Bxg4 22. hxg4 Qd4 23. Be3 Qxc3 24. bxc3 f5 25. gxf5 gxf5 26. exf5 e4 27. dxe4 Rxe4 28. Bxc5 Bxc3 29. Ra3 Be5+ 30. g3 Re2 31. c4 Rc2 32. Bxa7 Rxc4 0-1

[Event "Titled Tuesday intern op 12th Oct"]
[Site "Chess.com INT"]
[Date "2021.10.12"]
[Round "8"]
[White "Klyashtorny, Vladislav"]
[Black "Havanecz, Bianka"]
[Result "0-1"]
[WhiteElo "2403"]
[BlackElo "2224"]
[PlyCount "96"]
[EventDate "2021.10.12"]
[EventType "swiss (blitz)"]
[EventRounds "11"]
[EventCountry "USA"]
[SourceTitle "EXT 2023"]
[Source "ChessBase"]
[SourceDate "2022.10.05"]
[SourceVersion "1"]
[SourceVersionDate "2022.10.05"]
[SourceQuality "1"]

1. e4 c6 2. Nc3 d5 3. d4 dxe4 4. Nxe4 Nf6 5. Nxf6+ exf6 6. Nf3 Bd6 7. Be2 0-0 8. 0-0 Re8 9. Re1 Nd7 10. Nh4 Nf8 11. g3 Bh3 12. Be3 Qd7 13. Bf1 Bxf1 14. Rxf1 Rad8 15. Qf3 Bc7 16. Rad1 Ne6 17. Nf5 Ng5 18. Bxg5 fxg5 19. Ne3 h6 20. c4 Bb6 21. c5 Bc7 22. b4 Qe6 23. d5 cxd5 24. Nxd5 Be5 25. Rfe1 Qa6 26. Qb3 h5 27. b5 Qe6 28. Ne3 Rxd1 29. Rxd1 Qxb3 30. axb3 Rc8 31. b4 Bc3 32. Nd5 Bf6 33. Rd3 Kf8 34. f4 gxf4 35. gxf4 Rd8 36. Kg2 g6 37. Kf3 Bg7 38. Ke2 Re8+ 39. Kd1 Bh6 40. c6 bxc6 41. bxc6 Rc8 42. b5 g5 43. f5 g4 44. Ra3 Rd8 45. Rd3 Bg5 46. Kc2 Be7 47. Kb3 Bd6 48. Nf6 Bc7 0-1

[Event "Titled Tuesday intern op 05th Oct"]
[Site "Chess.com INT"]
[Date "2021.10.05"]
[Round "3"]
[White "Rytenko, Vsevolod"]
[Black "Klyashtorny, Vladislav"]
[Result "1-0"]
[WhiteElo "2362"]
[BlackElo "2403"]
[PlyCount "45"]
[EventDate "2021.10.05"]
[EventType "swiss (blitz)"]
[EventRounds "11"]
[EventCountry "USA"]
[SourceTitle "CBM 204 Extra"]
[Source "ChessBase"]
[SourceDate "2021.11.30"]
[SourceVersion "1"]
[SourceVersionDate "2021.11.30"]
[SourceQuality "1"]

1. d4 Nf6 2. c4 e6 3. Nf3 d5 4. Bg5 Nbd7 5. e3 b6 6. Nc3 Bb7 7. cxd5 exd5 8. Bd3 h6 9. Bh4 Be7 10. 0-0 0-0 11. Rc1 c6 12. a3 Re8 13. Bb1 Nf8 14. Ne5 Rc8 15. Qf3 Rc7 16. Kh1 a5 17. Rg1 Ne6 18. Qf5 g5 19. Bg3 Bc8 20. Ng4 Ng7 21. Nxf6+ Bxf6 22. Bxc7 Qxc7 23. Qxf6 1-0

[Event "Titled Tuesday intern op 14th Sept"]
[Site "Chess.com INT"]
[Date "2021.09.14"]
[Round "9"]
[White "Klyashtorny, Vladislav"]
[Black "Shahade, Gregory P"]
[Result "0-1"]
[WhiteElo "2403"]
[BlackElo "2476"]
[PlyCount "54"]
[EventDate "2021.09.14"]
[EventType "swiss (blitz)"]
[EventRounds "11"]
[EventCountry "USA"]
[SourceTitle "EXT 2022"]
[Source "ChessBase"]
[SourceDate "2021.10.06"]
[SourceVersion "1"]
[SourceVersionDate "2021.10.06"]
[SourceQuality "1"]

1. e4 e5 2. Nf3 Nc6 3. Bc4 Nf6 4. Ng5 d5 5. exd5 Na5 6. Bb5+ c6 7. dxc6 bxc6 8. Qf3 h6 9. Ne4 cxb5 10. Nxf6+ gxf6 11. Qxa8 Qd7 12. Qf3 Bb7 13. Qxf6 Rg8 14. Qxe5+ Be7 15. Nc3 Nc6 16. Qxb5 Nd4 17. Qxd7+ Kxd7 18. Rb1 Bxg2 19. Rf1 Nxc2+ 20. Ke2 Nd4+ 21. Kd3 Bxf1+ 22. Kxd4 Rg2 23. Ke3 Rxh2 24. d4 Bg5+ 25. f4 Bh4 26. Ne4 Re2+ 27. Kf3 Re1 0-1

[Event "Titled Tuesday intern op 17th Aug"]
[Site "Chess.com INT"]
[Date "2021.08.17"]
[Round "2"]
[White "Amburgy, Ryan"]
[Black "Klyashtorny, Vladislav"]
[Result "1-0"]
[WhiteElo "2030"]
[BlackElo "2403"]
[PlyCount "81"]
[EventDate "2021.08.17"]
[EventType "swiss (blitz)"]
[EventRounds "11"]
[EventCountry "USA"]
[SourceTitle "EXT 2022"]
[Source "ChessBase"]
[SourceDate "2021.10.06"]
[SourceVersion "1"]
[SourceVersionDate "2021.10.06"]
[SourceQuality "1"]

1. Nf3 d5 2. e3 Nf6 3. c4 c6 4. Nc3 a6 5. cxd5 cxd5 6. b3 g6 7. Bb2 Bg7 8. Be2 0-0 9. 0-0 Nc6 10. d4 Bg4 11. Rc1 Rc8 12. h3 Bxf3 13. Bxf3 e6 14. Na4 Nd7 15. Nc5 Nxc5 16. Rxc5 Qd7 17. a3 Ne7 18. Qd2 b6 19. Rcc1 Qb5 20. b4 Rxc1 21. Rxc1 Rc8 22. Rxc8+ Nxc8 23. Be2 Qa4 24. Qc3 Nd6 25. Kh2 Bf8 26. Bd3 a5 27. bxa5 bxa5 28. e4 Nb5 29. Qc6 dxe4 30. Qxb5 Bd6+ 31. g3 Qd1 32. Bxe4 Qd2 33. Kg2 a4 34. d5 e5 35. Bxe5 Bxe5 36. Qe8+ Kg7 37. Qxe5+ Kf8 38. d6 f5 39. Qf6+ Kg8 40. Bf3 Qd3 41. Qe7 1-0

[Event "Titled Tuesday intern op 10th Aug"]
[Site "Chess.com INT"]
[Date "2021.08.10"]
[Round "9"]
[White "Klyashtorny, Vladislav"]
[Black "Martin, Lewis"]
[Result "1-0"]
[WhiteElo "2403"]
[BlackElo "2205"]
[PlyCount "83"]
[EventDate "2021.08.10"]
[EventType "swiss (blitz)"]
[EventRounds "11"]
[EventCountry "USA"]
[SourceTitle "CBM 203 Extra"]
[Source "ChessBase"]
[SourceDate "2021.09.30"]
[SourceVersion "1"]
[SourceVersionDate "2021.09.30"]
[SourceQuality "1"]

1. e4 c5 2. Nf3 d6 3. g3 Nc6 4. Bg2 Nf6 5. Nc3 e5 6. h3 Be7 7. 0-0 Nd4 8. d3 0-0 9. Bg5 h6 10. Bxf6 Bxf6 11. Nd5 Be7 12. c3 Nxf3+ 13. Qxf3 f5 14. exf5 Bxf5 15. Qe2 Rb8 16. Rad1 Qd7 17. Kh2 Rbe8 18. Qh5 Bd8 19. f4 Qf7 20. Qxf7+ Rxf7 21. g4 Bd7 22. f5 Bc6 23. Be4 Bh4 24. Ne3 Ref8 25. c4 Bg5 26. Nd5 g6 27. Kg3 gxf5 28. Bxf5 Kg7 29. h4 Bd8 30. Rf3 b5 31. b3 bxc4 32. bxc4 Rb7 33. Rdf1 Rb2 34. R3f2 Rxf2 35. Rxf2 Rf7 36. Rb2 Rb7 37. Rxb7+ Bxb7 38. Be4 Bc6 39. Ne3 Bd7 40. Bf5 Ba4 41. Be6 Bc2 42. Nxc2 1-0

[Event "Titled Tuesday intern op 10th Aug"]
[Site "Chess.com INT"]
[Date "2021.08.10"]
[Round "8"]
[White "Stefanov, Plamen"]
[Black "Klyashtorny, Vladislav"]
[Result "0-1"]
[WhiteElo "2072"]
[BlackElo "2403"]
[PlyCount "148"]
[EventDate "2021.08.10"]
[EventType "swiss (blitz)"]
[EventRounds "11"]
[EventCountry "USA"]
[SourceTitle "CBM 203 Extra"]
[Source "ChessBase"]
[SourceDate "2021.09.30"]
[SourceVersion "1"]
[SourceVersionDate "2021.09.30"]
[SourceQuality "1"]

1. e4 e5 2. Nf3 Nc6 3. Bc4 Nf6 4. Ng5 d5 5. exd5 Nxd5 6. Nxf7 Kxf7 7. Qf3+ Ke6 8. Nc3 Nce7 9. 0-0 c6 10. d4 Kd6 11. dxe5+ Kc7 12. Bf4 Be6 13. Bxd5 Nxd5 14. Ne4 Nxf4 15. Qxf4 Be7 16. Rad1 Qf8 17. Qg3 g5 18. c4 Qf4 19. Qxf4 gxf4 20. b3 Rad8 21. f3 Bf5 22. Rde1 Bxe4 23. Rxe4 Rhf8 24. Rfe1 Rd2 25. R4e2 Bc5+ 26. Kf1 Rxe2 27. Kxe2 Kd7 28. Kd3 Ke6 29. Kc3 Rd8 30. b4 Bd4+ 31. Kb3 Bxe5 32. g3 Kf5 33. gxf4 Kxf4 34. Re4+ Kf5 35. Rh4 Rd3+ 36. Ka4 Rd7 37. Rh5+ Kf4 38. h4 Bd4 39. c5 Kxf3 40. Rf5+ Kg4 41. Rf8 h5 42. a3 Kxh4 43. Rf4+ Kg3 44. Rf8 h4 45. Rg8+ Bg7 46. Re8 h3 47. Re2 h2 48. Re3+ Kf2 49. Rh3 Kg2 50. Rh7 h1Q 51. Rxh1 Kxh1 52. b5 cxb5+ 53. Kxb5 Kg2 54. c6 bxc6+ 55. Kxc6 Rd4 56. Kb5 Kf3 57. a4 Ke4 58. a5 Kd5 59. a6 Kd6 60. Ka5 Rc4 61. Kb5 Rc3 62. Kb4 Rc5 63. Ka4 Kc6 64. Kb4 Bd4 65. Ka4 Kb6 66. Kb4 Kxa6 67. Kb3 Kb6 68. Ka4 a5 69. Kb3 Kb5 70. Ka3 a4 71. Ka2 Kb4 72. Kb1 Be3 73. Ka2 a3 74. Kb1 Kb3 0-1